000 00482nam a2200181Ia 4500
008 151202s9999||||xx |||||||||||||| ||und||
082 _bPNVM-48585
100 _aARORA BOOK COMPANY.
245 _aMY BOOK OF CLASSIC STORIES.
260 _b"ARORA BOOK COMPANY, DELHI."
260 _c0
300 _a95
600 _aARORA BOOK COMPANY.
630 _aMY BOOK OF CLASSIC STORIES.
700 _aARORA BOOK COMPANY.
730 _aMY BOOK OF CLASSIC STORIES.
942 _cBOOK
999 _c1314531
_d1314528